00229nam a2200097Ia 4500008004100000100000900041245004400050260001300094942000700107999001700114190216s9999||||xx |||||||||||||| ||und|| aNull 0aHindi-Kamayani Ka Shamli Vinjanik Adyan bRama Pub cBK c17675d17675